Nuevo estatuto de capacitación y empleo: aplicación práctica en materias laborales y tributarias
Kaydedildi:
| Yazar: | |
|---|---|
| Materyal Türü: | Kitap |
| Dil: | İspanyolca |
| Baskı/Yayın Bilgisi: |
Santiago
LexisNexis
2003
|
| Edisyon: | 3a. ed |
| Konular: | |
| Etiketler: |
Etiketle
Etiket eklenmemiş, İlk siz ekleyin!
|
MARC
| LEADER | 00000nam a2200000 a 4500 | ||
|---|---|---|---|
| 001 | UCL8656 | ||
| 003 | CL-VaPUC | ||
| 008 | 040702e20030000CL |||||||||||||||||spa|d | ||
| 020 | |a 9562380963 | ||
| 082 | 0 | 4 | |a 344.83012592 |b VAL |2 21 |
| 100 | 0 | |a Valdivia Vera, José Bernardo |e author |9 486611 | |
| 245 | 1 | 0 | |a Nuevo estatuto de capacitación y empleo: aplicación práctica en materias laborales y tributarias |
| 250 | |a 3a. ed | ||
| 300 | |a 506 p | ||
| 942 | |c BK | ||
| 945 | |d 20040702 00:00:00 |a cmena | ||
| 260 | |a Santiago |b LexisNexis |c 2003 | ||
| 650 | 7 | |a CAPACITACION LABORAL |2 CL-VaPUC |9 411356 | |
| 650 | 0 | |a Derecho laboral chileno |9 476826 | |
| 650 | 0 | |a Capacitación de empleados |9 257789 | |
| 650 | 0 | |a Derecho tributario |9 258895 | |
| 650 | 0 | |a Trabajo y empleo |9 315054 | |
| 651 | 7 | |a CHILE |2 CL-VaPUC |9 486612 | |
| 583 | |a last modification |c 20040702 00:00:00 |k Rodrigo Vera | ||
| 999 | |c 309856 |d 309854 | ||
| 952 | |0 0 |1 0 |4 0 |6 344_830125920000000_VAL_2003 |7 0 |8 A |9 377644 |a BIBDER |b BIBDER |d 2019-11-21 |i 4033558 |o 344.83012592 VAL 2003 |p 4033558 |r 2023-01-25 |w 2019-11-21 |y BK |k DER | ||